滝沢カレンにあだ名をつけられた芸能人 - Statistics

General Stats
  • This quiz has been taken 69 times
  • The average score is 8 of 64
Answer Stats
あだ名 答え % Correct
俺松本潤 松本潤
66%
圧倒的口数 明石家さんま
58%
独身番長 今田耕司
46%
職業激痛 出川哲朗
46%
愛妻大工 ヒロミ
39%
趣味在宅 二宮和也
39%
海釣地蔵 大野智
37%
服装迷走 櫻井翔
37%
馬鹿脱皮 相葉雅紀
36%
薄情大王 東野幸治
32%
美容怪獣 IKKO
31%
全部普通 福田充徳
25%
親友徳井 小沢一敬
24%
漫才坊主 澤部佑
24%
本家昼顔 南原清隆
20%
変態教祖 徳井義実
20%
小声希望 サンシャイン池崎
20%
突如顔面 藤本敏史
15%
快楽名人 笑福亭鶴瓶
12%
早口国宝 黒柳徹子
12%
爆弾国王 ビートたけし
10%
男前意識 宮迫博之
10%
崎山同然 バービー
10%
青春役者 福士蒼汰
10%
美白無敵 綾瀬はるか
8%
平和代表 内村光良
7%
朝活将軍 加藤浩次
7%
芸風過多 渡部建
7%
大声芸人 山崎弘也
7%
恵比須顔 堺雅人
7%
生涯踊子 関口メンディー
7%
目鼻口近 高畑充希
5%
初代冷徹 土田晃之
3%
超起爆剤 有田哲平
3%
小言鉄道 石原良純
3%
猫目先輩 桐谷美玲
3%
接触御免 井上公造
3%
印象皆無 若林正恭
2%
大幅出演 近藤春菜
2%
一人興奮 永野
2%
無駄美人 久本雅美
2%
本業不明 梅沢富美男
2%
存在強烈 遠藤憲一
2%
支配抜群 中居正広
2%
肉米肉米 水卜麻美
2%
絶叫一筋 宮川大輔
0%
唇湿気男 吉村崇
0%
大真面目 藤森慎吾
0%
好物説明 中田敦彦
0%
激流一年 ブルゾンちえみ
0%
再度挑戦 陣内智則
0%
柄物課長 ビビる大木
0%
激細鉛筆 矢部太郎
0%
行先何処 りゅうちぇる
0%
視線困惑 高橋克実
0%
万年笑顔 鈴木あきえ
0%
上陸成功 小倉優子
0%
毎日休日 所ジョージ
0%
何故色黒 東幹久
0%
単独行動 尾上松也
0%
感情不明 堂本光一
0%
案外年上 有岡大貴
0%
二次元君 中島健人
0%
疲労丸見え 徳島えりか
0%
No matching quizzes found
Score Distribution
Percent of People with Each Score
Percentile by Number Answered
Your Score History
You have not taken this quiz